| 000 | 00383nam a2200145Ia 4500 | ||
|---|---|---|---|
| 008 | 230917s9999||||xx |||||||||||||| ||und|| | ||
| 040 |
_e36048 _aMAIN |
||
| 041 | _aEnglish | ||
| 082 | _a658.3 G925P | ||
| 100 | _aGruneberg, Michael M, ed | ||
| 245 | 0 | _aPsychology and industrial productivity: a reader | |
| 260 |
_aLondon _bMacmillan _c1981 |
||
| 300 | _axvi, 340 p. | ||
| 942 | _cBK | ||
| 999 |
_c225623 _d225623 |
||